| 000 | 01015nam a2200349 i 4500 | ||
|---|---|---|---|
| 001 | bgj | ||
| 100 | 1 |
_aTWAIN, Mark _d(1835-1910). |
|
| 245 | 1 | 0 |
_aThe Adventures of Huckleberry Finn / _cMark Twain ; edited by Christopher Turner. |
| 250 | _a[2nd impr.]. | ||
| 260 |
_aHarlow, England : _bLongman, _c1991. |
||
| 300 |
_aXXII, [1], 336 : _bmap ; _c19 cm. |
||
| 490 | 1 | _aLongman Study Texts | |
| 500 | _aReal name of the author: Samuel Langhorne Clemens. | ||
| 650 | 9 | _aRunaway children | |
| 650 | 9 | _aMale friendship | |
| 650 | 9 | _aFugitive slaves | |
| 650 | 9 | _aRace relations | |
| 650 | 9 | _aBoys | |
| 650 | 9 | _aAdventure fiction | |
| 650 | 9 | _aHumorous fiction | |
| 650 | 9 | _aBildungsromans | |
| 655 | _aFiction | ||
| 700 | 1 |
_aTURNER, Christopher. _eed. |
|
| 700 | 1 |
_aCLEMENS, Samuel _bLanghorne _d(1835-1910) |
|
| 830 | _aLongman Study Texts | ||
| 020 | _a0582002648 | ||
| 040 | _cBPK | ||
| 041 | _aeng | ||
| 920 | _a0-582-00264-8 | ||
| 942 | _cKS | ||
| 008 | s uk f |000 0 eng | ||
| 999 |
_c47957 _d47957 |
||
| 856 |
_uhttp://koha.tu.koszalin.pl/cgi-bin/koha/opac-detail.pl?biblionumber=47957 _yKatalog online BPK |
||